00409 2200169 4500245005400000020002200054250001600076100001200092650001400104650001400118005001900132260002800151041001400179084001000193300002700203336000900230 aPsikologi Kepribadian Edisi RevisicAlwisolhText a978-979-796-360-6 aRevisi 2019 aAlwisol aNon fiksi aPsikologi a20240904115048 aMalangbUMM Pressc2019 aIndonesia a155.2 axvi + 380 hlm :c25 cm atext